Countries with Nuclear Power for Commercial Purposes Quiz Stats

 Plays Quiz not verified by Sporcle

Support Sporcle.
Go Orange.
Score 0/30 Timer 04:00
1 Play Today
Operating Reactors Country % Correct
104United States of America
99.5%
58France
96.6%
32Russia
96.3%
55Japan
96%
19United Kingdom
95.4%
13China
94.6%
17Germany
94%
18Canada
91.4%
8Spain
89.7%
20India
89.5%
2Brazil
88.9%
2Mexico
88.1%
21South Korea
82.7%
10Sweden
80.6%
2Argentina
80.1%
Operating Reactors Country % Correct
15Ukraine
78.3%
2Pakistan
75.9%
4Finland
73.8%
2South Africa
69.7%
1Netherlands
67%
7Belgium
64%
5Switzerland
62.1%
4Hungary
53.8%
2Romania
53.5%
6Czech Republic
53.2%
4Slovakia
50%
2Bulgaria
46.5%
1Slovenia
45.5%
6Taiwan
41.6%
1Armenia
17%

You're not logged in!

Compare scores with friends on all Sporcle quizzes.
OR
Log In

From the Vault

'G' in Europe

by Cortez

Gee whiz, get going and give this a gander!
Remove Ads.
Support Sporcle.
Get the best of Sporcle when you Go Orange. This ad-free experience offers more features, more stats, and more fun while also helping to support Sporcle. Thank you for becoming a member.

Show Comments

Extras

Top Quizzes Today


Score Distribution

Your Account Isn't Verified!

In order to create a playlist on Sporcle, you need to verify the email address you used during registration. Go to your Sporcle Settings to finish the process.

Report this User

Report this user for behavior that violates our Community Guidelines.

Details: